000 00278nam a2200121Ia 4500
003 OSt
005 20260206094942.0
040 _cLCC
050 _aK 3320 .D73 M325 2009
100 _aMCLEOD, IAN
245 0 _aPRINCIPLES OF LEGISLATIVE AND REGULATORY DRAFTING
942 _cBK
_2lcc
999 _c161929
_d161929